000 00934nam a2200205 i 4500
001 54046
003 ES-MaACL
005 20230906162901.0
007 t|
008 960712s1877 sp ||||1| spa d
040 _aCAM
_bspa
_cCAM
100 1 _aFerrer y Julve, Nicolás.
_950510
245 1 0 _aDiscurso pronunciado en la ... apertura de los estudios de la Universidad Literaria de Valencia el día 1º de octubre de 1877 /
_cpor Nicolás Ferrer y Julbe ... ; seguido de la memoria del estado de la instrucción en el distrito de la misma de 1876 á 1877.
260 _aValencia :
_b[s.n.],
_c1877 (
_fImprenta de José Rius)
300 _a1 v. (pág. var.) ;
_c31 cm.
500 _aTema: Algunas consideraciones sobre el origen y antigüedad del hombre, destinadas a contrariar la doctrina materialista.
650 4 _aCreacionismo.
_9147591
710 2 _aUniversidad Literaria de Valencia.
_97392
852 _aES-MaACL
_jT-234-F-2
999 _c54046
_d54046